000 00467cam a22001934a 4500
005 20250605164202.0
008 250528s ||||||||||||||||||||||||d
035 _a19751
020 _a131832522
040 _aGR-AtMCL
_bgre
_dGR-AtMCL
_eAACR2
245 1 _aINTRODUCTION TO FUTURES AND OPTIONS MARKETS
250 _a2
260 _bPrentice Hall,
_c1995
300 _a445
700 1 _aHull John C
_91630
942 _cBK
999 _c5007
_d5007